| 000 | 00864nam a22002057a 4500 | ||
|---|---|---|---|
| 003 | 0 | ||
| 005 | 20250203105802.0 | ||
| 008 | 250203b xxu||||| |||| 00| 0 eng d | ||
| 050 |
_aHF 5415.13 _b.M36 2023 |
||
| 100 | _aManuel, Sean Marco C. | ||
| 245 |
_aComparative analysis of the effectiveness of Southville's 7P's as perceived by freshmen and senior students of AY 2022-2023 _c Sean Marco C. Manuel |
||
| 260 |
_aLas Pinas City _bSouthville International School and Colleges _c2023 |
||
| 300 |
_av, 96 pages ; _c28cm. |
||
| 500 | _aBachelor of Science in Business Administration Major in Marketing Management. | ||
| 504 | _aIncludes bibliographical references and appendices. | ||
| 650 | _aMarketing—Evaluation. | ||
| 650 | _aSouthville International School and Colleges—Marketing. | ||
| 650 | _aConsumer perception—Students. | ||
| 942 |
_2lcc _cTH |
||
| 999 |
_c367097 _d367097 |
||